Importancia y operacionalización de la investigación cualitativa en el trabajo social /
Guardat en:
| Autor principal: | |
|---|---|
| Format: | Text |
| Idioma: | Spanish |
| Matèries: | |
| Etiquetes: |
Afegir etiqueta
Sense etiquetes, Sigues el primer a etiquetar aquest registre!
|
MARC
| LEADER | 00000 a a2200000 04500 | ||
|---|---|---|---|
| 001 | 148 | ||
| 003 | cru CIDCACS/IIS | ||
| 005 | 20190903111702.0 | ||
| 008 | 190903b ||||| |||| 00| 0 spa d | ||
| 999 | |c 42307 |d 42307 | ||
| 040 | |c cru CIDCACS/IIS | ||
| 100 | 1 | |9 8494 |a Muñoz, Victoria Eugenia | |
| 245 | 1 | |a Importancia y operacionalización de la investigación cualitativa en el trabajo social / |c Victoria Eugenia Muñoz | |
| 300 | |a páginas 132-140 | ||
| 650 | 0 | |a TRABAJO SOCIAL |9 850 | |
| 650 | 4 | |a INVESTIGACION |9 1930 | |
| 650 | 4 | |a METODOLOGIA |9 3211 | |
| 650 | 0 | |a CIENCIAS SOCIALES |9 75 | |
| 650 | 4 | |a ANALISIS HISTORICO |9 1959 | |
| 773 | 0 | |0 18808 |9 3132 |a Asociación Latinoamericana de Escuelas de Trabajo Social |d Lima, Perú |o 02711 |t REVISTA ACCIÓN CRÍTICA | |
| 942 | |2 ddc |c PP | ||
